| 000 | 00880nam a2200253 a 4500 | ||
|---|---|---|---|
| 001 | BRCA_7481 | ||
| 005 | 20190320205843.0 | ||
| 008 | 250413s1848----enkac#####---#000-0#eng-# | ||
| 041 | _aeng | ||
| 044 | _aenk | ||
| 050 | 4 |
_aN7112 _b.S75 1848 |
|
| 100 | 1 |
_aStirling, William _918415 |
|
| 245 | 1 | 0 |
_aAnnals of the artists of Spain _cby William Stirling. |
| 260 |
_aLondres _bJ. Ollivier _c1848 |
||
| 300 |
_a3 v. _bil., láminas, retratos _c23 cm. |
||
| 500 | _aEdición de cantos dorados | ||
| 500 | _aR4 | ||
| 505 | 0 | _av.1 Chapter I: Introduction to Chapter VII: Reign of Philip III.-- v.2 Chapter VIII: Reign of Philip IV to Chapter XII: Reign of Philip IV.-- v.3 Chapter XIII: Riegn of Charles II 1665-1700 | |
| 650 | 1 | 4 |
_aArte _xHistoria _zEspaña _918416 |
| 650 | 1 | 4 |
_aArtistas españoles _918417 |
| 650 | 1 | 4 |
_aMarcas de artistas _915083 |
| 902 | _aGFM | ||
| 942 |
_2lcc _cB |
||
| 999 |
_c7156 _d7156 |
||